Normal view MARC view
  • Medical jurisprudence

Entry Topical Term

Number of records used in: 2

001 - CONTROL NUMBER

  • control field: 39591

003 - CONTROL NUMBER IDENTIFIER

  • control field: OSt

005 - DATE AND TIME OF LATEST TRANSACTION

  • control field: 20160320120137.0

008 - FIXED-LENGTH DATA ELEMENTS

  • fixed length control field: 160320|| aca||babn | a|a d

040 ## - CATALOGING SOURCE

  • Original cataloging agency: OSt

150 ## - HEADING--TOPICAL TERM

  • Topical term or geographic name as entry element: Medical jurisprudence

450 ## - SEE FROM TRACING--TOPICAL TERM

  • Topical term or geographic name entry element: Forensic medicine

450 ## - SEE FROM TRACING--TOPICAL TERM

  • Topical term or geographic name entry element: Injuries (Law)

450 ## - SEE FROM TRACING--TOPICAL TERM

  • Topical term or geographic name entry element: Jurisprudence, Medical

450 ## - SEE FROM TRACING--TOPICAL TERM

  • Topical term or geographic name entry element: Legal medicine

550 ## - SEE ALSO FROM TRACING--TOPICAL TERM

  • Control subfield: g
  • Topical term or geographic name entry element: Forensic sciences

550 ## - SEE ALSO FROM TRACING--TOPICAL TERM

  • Control subfield: g
  • Topical term or geographic name entry element: Medicine